Niemcy - prawda czy fałsz? - Statystyki

Ogólne statystyki
  • Ten quiz został rozwiązany 5 548 razy
  • Średni wynik to 11 z 15
Statystyki odpowiedzi
Zagadnienie Odpowiedź % Poprawnych
Niemcy graniczą z Morzem Bałtyckim Prawda
93%
Na niektórych odcinkach autostrady nie ma określonego ograniczenia prędkości Prawda
91%
Turcy są, obok Niemców, największą grupą narodową w Niemczech Prawda
88%
Niemcy są większe od Francji pod względem powierzchni Fałsz
84%
Najwyższa góra w Niemczech ma mniej niż 1000 metrów wysokości Fałsz
79%
Podczas I wojny światowej niemieccy żołnierze nosili kolczasty hełm zwany Pickelhaube Prawda
79%
Siedziby Adidas i Puma znajdują się w Niemczech Prawda
79%
Obecny rząd Niemiec, po zjednoczeniu w 1990 r., nazywany jest „Piątą Rzeszą” Fałsz
77%
Innsbruck to miasto w Niemczech Fałsz
76%
Prusy to jeden z obecnych krajów związkowych Niemiec Fałsz
76%
Wschodnia część Niemiec jest mniej zaludniona niż zachodnia Prawda
76%
Niemcy graniczą z Liechtensteinem Fałsz
69%
Zaprzeczanie Holokaustu jest w Niemczech przestępstwem Prawda
64%
Cesarz Wilhelm II był wnukiem królowej Wiktorii Prawda
62%
Otto von Bismarck był jednym z cesarzy niemieckich Fałsz
46%
Nie znaleziono quizów pasujących do podanych kryteriów
Rozkład punktacji
Procent ludzi z każdym wynikiem
Percentyl według liczby udzielonych odpowiedzi
Twoja historia wyników
Nie rozwiązałeś tego quizu